000 nam a22 7a 4500
999 _c9825
_d9825
008 180208b ||||| |||| 00| 0 eng d
100 _aAusten J
_9192
245 _aNorthengar Abbey
260 _aLondon
_bWordsworth Publication
_c2007